000 01671nam a22004211i 4500
003 EG-ScBUE
005 20230222044405.0
008 000302s1999 nyua f b 000 0 eng d
020 _a4770023871
020 _a9784770023872
020 _a1920070038002
035 _a(InU)CAJ4636BB
035 _a(OCoLC)ocm41711810
040 _aKOM
_beng
_erda
_cKOM
_dEXW
_dEG-ScBUE
043 _ae-uk-en
082 0 4 _a769.952074
_bFAU
_222
100 1 _aFaulkner, Rupert.
_eauthor.
245 1 0 _aMasterpieces of Japanese prints :
_bUkiyo-e from the Victoria and Albert Museum /
_cRupert Faulkner ; in consultation with B.W. Robinson ; general edittor, Muneshige Narazaki ; editor, Richard Lane.
264 1 _aNew York :
_bKodansha International,
_c1999.
300 _a152 pages :
_billustrations (chiefly color) ;
_c30 cm
336 _2rdacontent
_atext
_btxt
337 _2rdamedia
_aunmediated
_bn
338 _2rdacarrier
_avolume
_bnc
500 _a"Adapted in part from Hizō ukiyo-e taikan, volumes 4 and 5, published in Japanese by Kodansha Ltd."--T.p. verso.
504 _aIncludes bibliographical references.
610 2 7 _aVictoria and Albert Museum
_xCatalogs.
_2BUEsh
650 7 _aColor prints, Japanese
_yEdo period, 1600-1868
_xCatalogs.
_2BUEsh
650 7 _aColor prints
_zEngland
_zLondon
_xCatalogs.
_2BUEsh
651 _2BUEsh
653 _bCOMAME
_cMay2019
655 _vReading book
700 1 _aRobinson, B. W.
_q(Basil William)
_econtributor.
700 1 _aNarazaki, Muneshige,
_d1904-2001
_eeditor.
700 1 _aLane, Richard,
_d1926-2002,
_eeditor.
942 _2ddc
_cBB
998 _b4/18/2000
_c4/18/2000
999 _c27480
_d27451